000 00648nam a2200277Ia 4500
005 20260324144437.0
008 008 260324s9999 xx 000 0 eng d
020 _a9780429492846
037 _aEBOOK
040 _aCRL
040 _beng
040 _cCRL
041 _2eng
041 _aeng
084 _qCRL
100 _aPhilip W. Anderson
_91213156
245 4 _aThe Economy As An Evolving Complex System
260 _bTaylor and Francis
260 _c1988
365 _a
365 _b305
856 _uhttp://www.taylorfrancis.com/books/9780429492846
942 _cEBOOK
999 _c1825966
_d1825966